|
|
|
|
| LEADER |
02414nam a2200601 a 4500 |
| 001 |
nkc20132481991 |
| 003 |
CZ PrNK |
| 005 |
20131002112917.0 |
| 007 |
ta |
| 008 |
130807s2013 xr ah e 000 0 cze |
| 015 |
|
|
|a cnb002481991
|
| 020 |
|
|
|a 978-80-905263-2-7
|q (brož.) :
|c neprodejné
|
| 035 |
|
|
|a (OCoLC)859738781
|
| 040 |
|
|
|a OLA001
|b cze
|d ABA001
|
| 043 |
|
|
|a e-xr---
|b e-xr-li
|2 czenas
|
| 045 |
|
|
|a w-x-
|
| 072 |
|
7 |
|a 72
|x Architektura
|2 Konspekt
|9 21
|
| 080 |
|
|
|a 726.54:274/278
|2 MRF
|
| 080 |
|
|
|a 904:7.025.21
|2 MRF
|
| 080 |
|
|
|a 274/278-774
|2 MRF
|
| 080 |
|
|
|a 27-4
|2 MRF
|
| 080 |
|
|
|a (437.316)
|2 MRF
|
| 080 |
|
|
|a (048.8)
|2 MRF
|
| 100 |
1 |
|
|a Rádl, Michal,
|d 1980-
|7 ola2013782172
|4 aut
|
| 245 |
1 |
0 |
|a Smutný osud evangelického kostela v Novém Boru /
|c Michal Rádl
|
| 246 |
1 |
6 |
|a Evangelický kostel Krista Spasitele v Novém Boru a jeho smutný osud (Heilandskirche)
|
| 250 |
|
|
|a 1. vyd.
|
| 260 |
|
|
|a Nový Bor :
|b Město Nový Bor,
|c 2013
|
| 300 |
|
|
|a 47 s. :
|b il., faksim. ;
|c 21 cm
|
| 500 |
|
|
|a Vydáno při příležitosti Dnů evropského dědictví
|
| 500 |
|
|
|a Název z obálky
|
| 500 |
|
|
|a 1500 výt.
|
| 504 |
|
|
|a Obsahuje bibliografii a bibliografické odkazy
|
| 610 |
2 |
7 |
|a Kostel Krista Spasitele (Nový Bor, Česko)
|7 olak2013782547
|2 czenas
|
| 648 |
|
7 |
|a 19.-20. století
|7 ch757015
|2 czenas
|
| 650 |
0 |
7 |
|a evangelické kostely
|7 ph115828
|z Česko
|y 19.-20. století
|2 czenas
|
| 650 |
0 |
7 |
|a zaniklé památky
|7 ph127540
|z Česko
|2 czenas
|
| 650 |
0 |
7 |
|a evangelické sbory
|7 ph120044
|z Česko
|y 19.-20. století
|2 czenas
|
| 650 |
0 |
7 |
|a církevní život
|7 ph119306
|z Česko
|y 19.-20. století
|2 czenas
|
| 650 |
0 |
9 |
|a Evangelical temples
|z Czechia
|y 19th-20th centuries
|2 eczenas
|
| 650 |
0 |
9 |
|a lost monuments
|z Czechia
|2 eczenas
|
| 650 |
0 |
9 |
|a Evangelical congregations
|z Czechia
|y 19th-20th centuries
|2 eczenas
|
| 650 |
0 |
9 |
|a church life
|z Czechia
|y 19th-20th centuries
|2 eczenas
|
| 651 |
|
7 |
|a Nový Bor (Česko)
|7 ge130239
|2 czenas
|
| 651 |
|
9 |
|a Nový Bor (Czechia)
|2 eczenas
|
| 655 |
|
7 |
|a studie
|7 fd133597
|2 czenas
|
| 655 |
|
9 |
|a studies
|2 eczenas
|
| 856 |
4 |
1 |
|u http://www.digitalniknihovna.cz/mzk/uuid/uuid:5dbbad20-b37e-11e5-b5dc-005056827e51
|y Digitalizovaný dokument
|x NDK
|
| 910 |
2 |
|
|a BOA001
|b 2-1310.723
|
| 990 |
|
|
|a BK
|
| 995 |
|
|
|a 01
|
| 991 |
|
|
|b 201309
|c NOV
|e n
|
| 996 |
6 |
|
|b 2610563238
|c 2-1310.723
|l MZK
|r Sklad / do 1 hodiny
|n 1
|p p.v.
|w 001364422
|u 000010
|a 1
|e BOA001
|j MZK50
|s P
|